书目信息 |
| 题名: |
纺织品质量控制与检验
|
|
| 作者: | 王瑞 主编 | |
| 分册: | ||
| 出版信息: | 北京 化学工业出版社 2006 |
|
| 页数: | ||
| 开本: | 26cm | |
| 丛书名: | ||
| 单 册: | ||
| 中图分类: | TS10 | |
| 科图分类: | ||
| 主题词: | 轻工业 , 手工业 , 手工业史 | |
| 电子资源: | ||
| ISBN: | 7-5025-8438-2 | |
| 000 | 00567nam0 2200205 450 | |
| 001 | 0754114953 | |
| 005 | 20070929150154.95 | |
| 010 | @a7-5025-8438-2 | |
| 100 | @a20070929d km y0chiy0120 ea | |
| 101 | 0 | @achi |
| 200 | 1 | @a纺织品质量控制与检验@Afang zhi pin zhi liang kong zhi yu jian yan@f王瑞 主编@Fwang rui zhu bian |
| 210 | @a北京@c化学工业出版社@d2006 | |
| 215 | @c插图@d26cm | |
| 606 | 0 | @a轻工业 |
| 606 | 0 | @a手工业 |
| 606 | 0 | @a手工业史 |
| 690 | @aTS10@v3 | |
| 701 | 0 | @a王瑞@Awang rui@4主编 |
| 801 | 0 | @aCN@bPFT@c20070929 |
| 905 | @a213230@dTS10@eh11@f1 | |
| 纺织品质量控制与检验/王瑞 主编.-北京:化学工业出版社,2006 |
| 插图;26cm |
| ISBN 7-5025-8438-2: |
| ● |
| 相关链接 |
|
|
|
|
正题名:纺织品质量控制与检验
索取号:TS10/h11
 
预约/预借
| 序号 | 登录号 | 条形码 | 馆藏地/架位号 | 状态 | 备注 |
| 1 | 6002057 | 260020578 | 密集书库-化学系/ [索取号:TS10/h11] | 在馆 |